LEADER 01314nam0-2200337---450- 001 990001082480203316 005 20090310183240.0 035 $a000108248 035 $aUSA01000108248 035 $a(ALEPH)000108248USA01 035 $a000108248 100 $a20020528h----2001|||a0itay0103----ba 101 0 $aita 102 $aIT 105 $ay|||z|||001yy 200 1 $aDocumento di programmazione economico-finanziaria$eper gli anni 2002-2006$edeliberato dal Consiglio dei Ministri il 16 luglio 2001$fpresentato dal Presidente del Consiglio dei Ministri Silvio Berlusconi e dal Ministro dell'economia e delle finanze Giulio Tremonti 210 $aRoma$cIstituto Poligrafico e Zecca dello Stato$h2001 300 $aIn cop.: Ministero dell'economia e della finanze 606 0 $aItalia$xProgrammazione economica 676 $a338. 945 710 01$aItalia.$bPresidenza del Consiglio dei Ministri$0254944 801 $aIT$bSALBC$gISBD 912 $a990001082480203316 951 $a338.945 DOC 1/2(ISE II 361/2)$b31240 G.$cISE II$d00077590 959 $aBK 969 $aGIU 979 $aCHIARA$b90$c20020528$lUSA01$h1208 979 $aPATRY$b90$c20040406$lUSA01$h1715 979 $aRSIAV1$b90$c20090310$lUSA01$h1832 996 $aDocumento di programmazione economico-finanziaria$91488095 997 $aUNISA LEADER 01412nam 2200325Ia 450 001 996388285003316 005 20221107212939.0 035 $a(CKB)1000000000636059 035 $a(EEBO)2240886016 035 $a(OCoLC)9931846400971 035 $a(EXLCZ)991000000000636059 100 $a20021104d1659 uy 0 101 0 $aeng 135 $aurbn||||a|bb| 200 14$aThe dispatcher dispatched. Or, An examination of the romanists rejoynder to the replies of D.H$b[electronic resource] $eBeing a third defence of the treatise of schisme. Wherein is inserted a view of their possession and orall tradition in the way of M. White 210 $aLondon, $cPrinted for Richard Royston ...$dMCDCLIX. [1659] 215 $axvii, [3] 300 $a"The Preface. With some few reflections on D. Holden's strictures on the Tract of schism": p. ii-xvii. 300 $aImperfect: Thomason copy consists of t.p., preface, contents page, and errata only. 300 $aReproduction of original in Thomason Collection, British Library. 330 $aeebo-0158 606 $aReformation$zEngland$vEarly works to 1800 615 0$aReformation 700 $aHammond$b Henry$f1605-1660.$0322258 801 0$bEAE 801 1$bEAE 906 $aBOOK 912 $a996388285003316 996 $aThe dispatcher dispatched. Or, An examination of the romanists rejoynder to the replies of D.H$92338433 997 $aUNISA